الذوق و الشم / (رقم التسجيلة. 63342)

تفاصيل مارك
000 -LEADER
fixed length control field 00670nam a22002057a 4500
005 - DATE AND TIME OF LATEST TRANSACTION
control field 20251108171821.0
008 - FIXED-LENGTH DATA ELEMENTS--GENERAL INFORMATION
fixed length control field 250721s1988 xx 000 0 ara d
082 14 - DEWEY DECIMAL CLASSIFICATION NUMBER
Classification number ط/612.2/ألن
100 1# - MAIN ENTRY--PERSONAL NAME
Personal name ألن، جون
245 10 - TITLE STATEMENT
Title الذوق و الشم /
264 1# - PRODUCTION, PUBLICATION, DISTRIBUTION, MANUFACTURE, AND COPYRIGHT NOTICE
Place of production, publication, distribution, manufacture عمان :
Name of producer, publisher, distributor, manufacturer المؤسسة العربية للدراسات و النشر،
Date of production, publication, distribution, manufacture, or copyright notice 1988.
300 ## - PHYSICAL DESCRIPTION
Extent 31ص : مص
490 0# - SERIES STATEMENT
Series statement مكتبتي الأولى
650 17 - SUBJECT ADDED ENTRY--TOPICAL TERM
Topical term or geographic name as entry element الأنف
653 ## - INDEX TERM--UNCONTROLLED
Uncontrolled term مرحلة ناشئون صغار(10-14)سنة
700 1# - ADDED ENTRY--PERSONAL NAME
Personal name عويضه، محمود أحمد
Relator term ترجمة
700 1# - ADDED ENTRY--PERSONAL NAME
Personal name المومني، حيدر عبد المجيد
942 ## - ADDED ENTRY ELEMENTS (KOHA)
Source of classification or shelving scheme Dewey Decimal Classification
Koha item type كتب
المقتنيات
حالة السحب حالة الفقدان مصدر التصنيف حالة التلف غير قابل للإعارة المكتبة الرئيسية المكتبة الحالية موقع الرف تاريخ التزويد الرقم المتسلسل Total Checkouts رقم الإستدعاء تاريخ آخر ظهور تاريخ الفاتورة نوع المادة (كوها) الباركود
    Dewey Decimal Classification     مكتبة الأميرة ايمان العامة مكتبة الأميرة ايمان العامة الأطفال 20/12/2013 1702]   ط/612.2/ألن 28/07/2025 20/12/2013 كتب PLD00290770
    Dewey Decimal Classification Unchecked   مكتبة الجويدة مكتبة الجويدة الأطفال 06/07/2004 28   ط/612.2/ألن 28/07/2025 06/07/2004 كتب  
    Dewey Decimal Classification     مكتبة وادي السير العامة مكتبة وادي السير العامة الأطفال 04/11/2015 [23]   ط/612.2/ألن 28/07/2025 04/11/2015 كتب PLD00362085
Implemented & Customized by: BBB with SCIT (Smart Chains for Information Technology)

Powered by Koha